Statistiques concernant Premiers Ministres français par durée de leur mandat.

Cliquez ici pour prendre le quiz!

Statistiques générales

  • Ce quiz a été pris 52 fois
    (14 depuis la dernière actualisation)
  • Le résultat moyen est 9 sur 24

Statistiques - réponses

durée du mandat (en jours)Premier Ministre% Correct
1 820Francois Fillon
92%
2 279Georges Pompidou
75%
1 603Jacques Chirac
75%
1 799Lionel Jospin
75%
155Bernard Cazeneuve
50%
1 722Raymond Barre
50%
323Edith Cresson
42%
1 153Pierre Mauroy
42%
773Edouard Balladur
33%
1 121Jean Pierre Raffarin
33%
1 192Michel Debre
33%
747Alain Juppe
25%
712Dominique de Villepin
25%
1 145Edouard Philippe
25%
603Elisabeth Borne
25%
1 111Jacques Chaban Delmas
25%
685Jean Marc Ayrault
25%
981Manuel Valls
25%
345Maurice Couve de Murville
25%
1 100Michel Rocard
25%
682Jean Castex
17%
611Laurent Fabius
17%
691Pierre Messmer
17%
361Pierre Beregovoy
8%

Distribution des résultats

Percentile par nombre de réponses

% des personnes avec chaque résultat

Votre développement - résultats

Vous n’avez pas pris ce quiz depuis la dernière actualisation